Todos los goleadores de España en la Copa Mundial de la FIFA - Estadísticas

Estadísticas generales
  • Esta prueba ha sido intentada 51 veces
  • La puntuación promedio es 17 de 54
Estadísticas de respuestas
Año Goles Jugador % Correcto
2006, 2010, 2014 9 David Villa
100%
2010 2 Andrés Iniesta
98%
2022 2 Ferran Torres
91%
2006, 2014 4 Fernando Torres
89%
2022 3 Álvaro Morata
87%
2010 1 Carles Puyol
87%
1998, 2002, 2006 5 Raúl
81%
2018 3 Diego Costa
79%
2006, 2014 2 Xabi Alonso
74%
1994, 1998, 2002 5 Fernando Hierro
72%
2022 1 Gavi
66%
2018 1 Iago Aspas
60%
1986 5 Emilio Butragueño
57%
1994, 1998 2 Luis Enrique
53%
1998, 2002 5 Fernando Morientes
49%
2022 1 Dani Olmo
47%
2018 1 Nacho
47%
2014 1 Juan Mata
40%
2018 1 Isco
38%
1978 1 Juan Manuel Asensi
36%
1990 4 Míchel
30%
2022 1 Marco Asensio
28%
1966 1 Amancio
26%
1986 1 Juan Antonio Señor
23%
1986, 1990, 1994 3 Julio Salinas
23%
1950 4 Telmo Zarra
23%
1982 1 Juanito
21%
2006 1 Juanito
21%
2022 1 Carlos Soler
19%
1966 1 Pirri
19%
1962 1 Adelardo
17%
2002 1 Juan Carlos Valerón
17%
1966 1 Manuel Sanchís
17%
1994 1 Pep Guardiola
17%
2002 1 Gaizka Mendieta
15%
1994 3 José Luis Caminero
11%
1994 1 Txiki Begiristain
11%
1986 1 Andoni Goikoetxea
9%
1994 2 Jon Andoni Goikoetxea
9%
1978 1 Dani
6%
1934 1 Isidro Lángara
6%
1986 2 Ramón Calderé
6%
1982 1 Jesús María Zamora
4%
1986 1 Eloy
2%
1998 1 Kiko
2%
1982 1 Roberto López Ufarte
2%
1990 1 Alberto Górriz
0%
1982 1 Enrique Saura
0%
1950 4 Estanislau Basora
0%
1962 1 Joaquín Peiró
0%
1934 2 José Iraragorri
0%
1966 1 Josep Maria Fusté
0%
1934 1 Luis Regueiro
0%
1950 2 Silvestre Igoa
0%
No se encontraron pruebas coincidentes
Distribución de puntuación
Porcentaje de gente con cada puntuación
Porcentaje por número respondido
Historial de tus puntuaciones
No has intentado esta prueba.